| 000 | 00754nam a2200205Ia 4500 | ||
|---|---|---|---|
| 003 | IN-BaIIA | ||
| 008 | 211028s9999 xx s 000 0 eng d | ||
| 020 | _a978-2-86-883980-0 (Online) | ||
| 022 | _a1633-4760 (Print) | ||
| 022 | _a1638-1963 (Online) | ||
| 040 | _cIIA Library | ||
| 100 |
_aMiville-Deschenes, M.-A., ed. _938158 |
||
| 245 | 0 |
_aSky Polarisation at Far-Infrared to Radio Wavelengths: The Galactic Screen before the Cosmic Microwave Background _h[eBook] |
|
| 260 |
_aFrance _bEDP Sciences _c2007 |
||
| 300 | _aiii, 254p. | ||
| 490 | _aEAS Publications Series | ||
| 700 |
_aBoulanger, F., ed. _917245 |
||
| 856 |
_uhttps://www.eas-journal.org/articles/eas/abs/2007/01/contents/contents.html _yClick Here to Access eBook |
||
| 942 | _cEB | ||
| 999 |
_c20617 _d20617 |
||